The disastrous marriage : (Record no. 130206)
[ view plain ]
| 000 -LEADER | |
|---|---|
| fixed length control field | 01256cam a2200325 i 4500 |
| 001 - CONTROL NUMBER | |
| control field | 4108310 |
| 003 - CONTROL NUMBER IDENTIFIER | |
| control field | ARRUPE |
| 005 - DATE AND TIME OF LATEST TRANSACTION | |
| control field | 20200129101902.0 |
| 008 - FIXED-LENGTH DATA ELEMENTS--GENERAL INFORMATION | |
| fixed length control field | 750923r1975 ctuaf b 001 0ceng |
| 010 ## - LIBRARY OF CONGRESS CONTROL NUMBER | |
| LC control number | 75031823 |
| 020 ## - INTERNATIONAL STANDARD BOOK NUMBER | |
| International Standard Book Number | 0837184398 |
| 040 ## - CATALOGING SOURCE | |
| Original cataloging agency | DLC |
| Transcribing agency | DLC |
| Modifying agency | DLC |
| 050 10 - LIBRARY OF CONGRESS CALL NUMBER | |
| Classification number | DA538.A1 |
| Item number | R5 1960 |
| 082 00 - DEWEY DECIMAL CLASSIFICATION NUMBER | |
| Classification number | 941.07/4/0924 |
| -- | B |
| 300 ## - PHYSICAL DESCRIPTION | |
| Other physical details | ill. ; |
| Dimensions | 23 cm. |
| 100 1# - MAIN ENTRY--PERSONAL NAME | |
| Personal name | Richardson, Joanna. |
| 9 (RLIN) | 49000 |
| 245 14 - TITLE STATEMENT | |
| Title | The disastrous marriage : |
| Remainder of title | a study of George IV and Caroline of Brunswick / |
| Statement of responsibility, etc | by Joanna Richardson. |
| 260 ## - PUBLICATION, DISTRIBUTION, ETC. (IMPRINT) | |
| Place of publication, distribution, etc | London. : |
| Name of publisher, distributor, etc | Jonathan Cape, |
| Date of publication, distribution, etc | c1960. |
| 300 ## - PHYSICAL DESCRIPTION | |
| Extent | 255 p. : |
| 500 ## - GENERAL NOTE | |
| General note | Reprint of the ed. published by J. Cape, London. |
| 500 ## - GENERAL NOTE | |
| General note | Includes index. |
| 504 ## - BIBLIOGRAPHY, ETC. NOTE | |
| Bibliography, etc | Bibliography: p. 246-252. |
| 600 00 - SUBJECT ADDED ENTRY--PERSONAL NAME | |
| Personal name | George |
| Numeration | IV, |
| Titles and other words associated with a name | King of Great Britain, |
| Dates associated with a name | 1762-1830 |
| General subdivision | Marriage. |
| 9 (RLIN) | 49123 |
| 600 00 - SUBJECT ADDED ENTRY--PERSONAL NAME | |
| Personal name | Caroline, |
| Titles and other words associated with a name | Queen, consort of George IV, King of Great Britain, |
| Dates associated with a name | 1768-1821. |
| 9 (RLIN) | 49124 |
| 650 #0 - SUBJECT ADDED ENTRY--TOPICAL TERM | |
| Topical term or geographic name as entry element | Marriages of royalty and nobility |
| Geographic subdivision | Great Britain |
| General subdivision | History. |
| 9 (RLIN) | 49125 |
| 650 #0 - SUBJECT ADDED ENTRY--TOPICAL TERM | |
| Topical term or geographic name as entry element | Married people |
| Geographic subdivision | Great Britain |
| General subdivision | Biography. |
| 9 (RLIN) | 49126 |
| 650 #0 - SUBJECT ADDED ENTRY--TOPICAL TERM | |
| Topical term or geographic name as entry element | Queens |
| Geographic subdivision | Great Britain |
| General subdivision | Biography. |
| 9 (RLIN) | 6214 |
| 651 #0 - SUBJECT ADDED ENTRY--GEOGRAPHIC NAME | |
| Geographic name | Great Britain |
| General subdivision | Kings and rulers |
| -- | Biography. |
| 9 (RLIN) | 6218 |
| 906 ## - LOCAL DATA ELEMENT F, LDF (RLIN) | |
| a | 7 |
| b | cbc |
| c | orignew |
| d | 1 |
| e | ocip |
| f | 19 |
| g | y-gencatlg |
| 942 ## - ADDED ENTRY ELEMENTS (KOHA) | |
| Source of classification or shelving scheme | Library of Congress Classification |
| Koha item type | Monograph ( Printed materials) |
| Withdrawn status | Lost status | Source of classification or shelving scheme | Damaged status | Not for loan | Collection code | Home library | Current library | Shelving location | Date acquired | Total Checkouts | Full call number | Barcode | Date last seen | Price effective from | Koha item type |
|---|---|---|---|---|---|---|---|---|---|---|---|---|---|---|---|
| Library of Congress Classification | Main Collection | ARRUPE LIBRARY | ARRUPE LIBRARY | Main Collection | 29/01/2020 | DA538.A1 R5 1960 | 46600006285 | 29/01/2020 | 29/01/2020 | Monograph ( Printed materials) |